00314nam a2200121Ia 4500008004100000082001500041100002100056245003400077250000800111260004900119300000800168650001600176191201s2005 xx 000 0 und d a005.4bGID aGIVONE, Donald D 0aDigital Principles and Design a7th aN.DelhibTata McGraw Hill pub. co. Ltdc2005 a702 aB.Tech(ECE)